000 00343cam a2200169ua 4500
001 8676
008 130819n ii |||gr||||Z||||||eng
040 _aMAIN
041 _aEnglish
082 _bBHU
100 _aBhuyan,Apurba.
245 _aAina
250 _a1st.
260 _aJorhat:
_bEkalabya Prakashan.
300 _a94.
942 _cBK
999 _c8664
_d8664